000 00621nam a2200217Ia 4500
001 46788
003 AR-BaAGN
005 20240628101227.0
007 ta
008 211206s9999 xx 000 0 spa d
040 _aAR-BaAGN
_bspa
_eaacr
100 _aPillado, José Antonio
245 1 0 _aEl pendón del conquistador Francisco Pizarro :
_b[recortes]
264 _a[Lugar de publicación no identificado],
_c[fecha no identificada]
300 _a15 páginas
336 _2rdacontent
_btxt
337 _2rdamedia
_bn
338 _2rdacarrier
_bnc
600 1 4 _aPizarro, Francisco,
_d1478-1541
_98007
942 _cLIBRO
_n0
999 _c46788
_d46788